<?xml version="1.0" encoding="UTF-8"?>
<record
    xmlns:xsi="http://www.w3.org/2001/XMLSchema-instance"
    xsi:schemaLocation="http://www.loc.gov/MARC21/slim http://www.loc.gov/standards/marcxml/schema/MARC21slim.xsd"
    xmlns="http://www.loc.gov/MARC21/slim">

  <leader>00464nam a2200169Ia 4500</leader>
  <controlfield tag="008">220803s9999    xx            000 0 und d</controlfield>
  <datafield tag="020" ind1=" " ind2=" ">
    <subfield code="a">978-1-935677-22-2</subfield>
  </datafield>
  <datafield tag="041" ind1=" " ind2=" ">
    <subfield code="a">eng</subfield>
  </datafield>
  <datafield tag="082" ind1=" " ind2=" ">
    <subfield code="a">720.92 PRA/DOS</subfield>
  </datafield>
  <datafield tag="100" ind1=" " ind2=" ">
    <subfield code="a">Prakash Vikramaditya</subfield>
    <subfield code="9">23442</subfield>
  </datafield>
  <datafield tag="245" ind1=" " ind2=" ">
    <subfield code="a">Architecture Of Shivdatt Sharma</subfield>
  </datafield>
  <datafield tag="260" ind1=" " ind2=" ">
    <subfield code="a">Ahmedabad</subfield>
    <subfield code="b">Mapin Publishing</subfield>
    <subfield code="c">2012</subfield>
  </datafield>
  <datafield tag="300" ind1=" " ind2=" ">
    <subfield code="a">175p</subfield>
  </datafield>
  <datafield tag="500" ind1=" " ind2=" ">
    <subfield code="a">Architecture</subfield>
  </datafield>
  <datafield tag="650" ind1=" " ind2=" ">
    <subfield code="a">Master Architects</subfield>
    <subfield code="9">23443</subfield>
  </datafield>
  <datafield tag="700" ind1=" " ind2=" ">
    <subfield code="a">Doshi B V For.</subfield>
    <subfield code="9">23444</subfield>
  </datafield>
  <datafield tag="999" ind1=" " ind2=" ">
    <subfield code="c">14990</subfield>
    <subfield code="d">14990</subfield>
  </datafield>
  <datafield tag="952" ind1=" " ind2=" ">
    <subfield code="0">0</subfield>
    <subfield code="1">0</subfield>
    <subfield code="4">0</subfield>
    <subfield code="7">0</subfield>
    <subfield code="8">Book of B Arch</subfield>
    <subfield code="a">BNCA</subfield>
    <subfield code="b">BNCA</subfield>
    <subfield code="c">K</subfield>
    <subfield code="d">2013-01-28</subfield>
    <subfield code="e">Word Book Shop</subfield>
    <subfield code="g">1125.00</subfield>
    <subfield code="l">5</subfield>
    <subfield code="m">1</subfield>
    <subfield code="o">720.95 PRA/DOS</subfield>
    <subfield code="p">BNCA-BK-8130</subfield>
    <subfield code="r">2025-09-04 00:00:00</subfield>
    <subfield code="s">2025-08-13</subfield>
    <subfield code="v">1500.00</subfield>
    <subfield code="w">2013-01-22</subfield>
    <subfield code="y">BK</subfield>
    <subfield code="z">B008130</subfield>
  </datafield>
</record>
